Đánh giá tác động của luân canh và quản lý nước lên sinh trưởng và dinh dưỡng của lúa trên đất phèn nhẹ tại Giồng Riềng - Kiên Giang : Luận văn Thạc sĩ ngành Trồng trọt

Đề tài đánh giá tác động của luân canh bắp và quản lý nước lên sinh trưởng và năng suất của cây lúa trên đất phèn ở Giồng Riềng. Khảo sát tác động của luân canh bắp và quản lý nước lên dinh dưỡng khoáng N, P, K của cây lúa. Đánh giá hie...

全面介绍

Đã lưu trong:
书目详细资料
主要作者: Trần , Ngọc Hiếu
格式: 图书
语言:Undetermined
出版: Cần Thơ Trường Đại học Cần Thơ 2010
主题:
标签: 添加标签
没有标签, 成为第一个标记此记录!
Thư viện lưu trữ: Trung tâm Học liệu Trường Đại học Cần Thơ
LEADER 01312nam a2200229Ia 4500
001 CTU_162444
008 210402s9999 xx 000 0 und d
082 |a 633.18 
082 |b H309 
088 |a 606201 
100 |a Trần , Ngọc Hiếu 
245 0 |a Đánh giá tác động của luân canh và quản lý nước lên sinh trưởng và dinh dưỡng của lúa trên đất phèn nhẹ tại Giồng Riềng - Kiên Giang : 
245 0 |b Luận văn Thạc sĩ ngành Trồng trọt 
245 0 |c Trần Ngọc Hiếu 
260 |a Cần Thơ 
260 |b Trường Đại học Cần Thơ 
260 |c 2010 
520 |a Đề tài đánh giá tác động của luân canh bắp và quản lý nước lên sinh trưởng và năng suất của cây lúa trên đất phèn ở Giồng Riềng. Khảo sát tác động của luân canh bắp và quản lý nước lên dinh dưỡng khoáng N, P, K của cây lúa. Đánh giá hiệu quả sử dụng nước của cây lúa bằng biện pháp tưới tiết kiệm. 
650 |a Rice 
650 |x Planting 
904 |i Cúc, Bạch Trúc 
980 |a Trung tâm Học liệu Trường Đại học Cần Thơ